Comportamientos alarmantes infantiles y juveniles / (Registro nro. 11521)

Detalles MARC
000 -LEADER
fixed length control field 00868nam a22002657a 4500
003 - CONTROL NUMBER IDENTIFIER
control field DO-SdBNP
005 - DATE AND TIME OF LATEST TRANSACTION
control field 20171109085902.0
008 - FIXED-LENGTH DATA ELEMENTS--GENERAL INFORMATION
fixed length control field 161011b2012 mx||||| |||| 00| 0 spa d
020 ## - INTERNATIONAL STANDARD BOOK NUMBER
International Standard Book Number 9786074360226
040 ## - CATALOGING SOURCE
Original cataloging agency BPMSU
Language of cataloging spa
Transcribing agency BPMSU
082 #4 - DEWEY DECIMAL CLASSIFICATION NUMBER
Classification number 305.23
Item number C737a
245 ## - TITLE STATEMENT
Title Comportamientos alarmantes infantiles y juveniles /
Statement of responsibility, etc. Sofia Muriel Suárez ... [y otros.]
300 ## - PHYSICAL DESCRIPTION
Extent 302 p. :
Other physical details il. :
Dimensions 33 cm + CDROM
650 #4 - SUBJECT ADDED ENTRY--TOPICAL TERM
Topical term or geographic name as entry element ADOLESCENCIA
650 #4 - SUBJECT ADDED ENTRY--TOPICAL TERM
Topical term or geographic name as entry element SEXO-EN ADOLESCENCIA
650 #4 - SUBJECT ADDED ENTRY--TOPICAL TERM
Topical term or geographic name as entry element ALCOHOLISMO-EN ADOLESCENCIA
650 #4 - SUBJECT ADDED ENTRY--TOPICAL TERM
Topical term or geographic name as entry element TRASTORNOS ALIMENTICIOS EN LA ADOLESCENCIA
650 #4 - SUBJECT ADDED ENTRY--TOPICAL TERM
Topical term or geographic name as entry element CONDUCTA (PSICOLOGÍA)
650 #4 - SUBJECT ADDED ENTRY--TOPICAL TERM
Topical term or geographic name as entry element TRASTORNOS DE LA PERSONALIDAD EN LA ADOLESCENCIA
700 12 - ADDED ENTRY--PERSONAL NAME
Personal name Muriel Suárez, Sofia
910 ## - USER-OPTION DATA (OCLC)
User-option data Validado. Control de calidad MFF
942 ## - ADDED ENTRY ELEMENTS (KOHA)
Source of classification or shelving scheme Dewey Decimal Classification
Koha item type Libros
945 ## - LOCAL PROCESSING INFORMATION (OCLC)
a Inventariado extranjero / 2017 VM
956 ## - LOCAL ELECTRONIC LOCATION AND ACCESS (OCLC)
Host name dgarcia
Existencias
Withdrawn status Lost status Source of classification or shelving scheme Damaged status Not for loan Collection code Home library Current library Date acquired Source of acquisition Total Checkouts Full call number Barcode Date last seen Price effective from Koha item type Copy number
    Dewey Decimal Classification     Colección General Biblioteca Pública Metropolitana Salomé Ureña Biblioteca Pública Metropolitana Salomé Ureña 10/11/2016 Compra   305.23 C737a BPMSU16100080 10/11/2016 10/11/2016 Libros  
    Dewey Decimal Classification     Colección General Biblioteca Pública Metropolitana Salomé Ureña Biblioteca Pública Metropolitana Salomé Ureña 10/11/2016 Compra   305.23 C737a BPMSU16100081 10/11/2016 10/11/2016 Libros e.2
    Dewey Decimal Classification     Colección General Biblioteca Pública Metropolitana Salomé Ureña Biblioteca Pública Metropolitana Salomé Ureña 10/11/2016 Compra   305.23 C737a BPMSU16100082 10/11/2016 10/11/2016 Libros e.3